000 00654nam a2200181Ia 4500
003 IN-BaIIA
008 211028s9999 xx 000 0 eng d
040 _cIIA Library
080 _a081:53
_bDAR-3
100 _aDarwin, George Howard
_9700
245 0 _aScientific papers by Sir George Howard Darwin
_bvol. III, figures of equilibrium of rotating liquid and geophysical investigations
_cGeorge Howard Darwin
260 _aCambridge
_bCambridge University Press
_c1910
300 _axv, 527p.
650 _aAstronomy and Astrophysics Thesaurus
650 _aCollected Works-Howard Darwin
_9701
650 _aHoward Darwin Collected Works
_9702
942 _cBK
999 _c334
_d334